01626nam a2200253Ia 4500952010500000952010600105952010800211999001700319008004100336020001500377050001500392100003800407245012700445260003300572300003500605505049100640519004401131519004401175519004401219650002401263700004001287700003801327942000701365 00104070a04b04d2008-09-18l5m2oK155 G85p04 002134r2014-12-17s2014-12-17t1w2012-06-24yLB 00104070a04b04d2008-09-18l12m2oK155 G85p04 002135r2018-01-13s2018-01-09t2w2012-06-24yLB 00102lcc4070a04b04d2018-07-24l1oK155 G85p05 000635r2023-02-08s2022-10-17t1w2018-07-24yLB c62315d62315120625s2006 mx 001 0 spa d a9706138250 4aK155 bG851 aGómez Lara, Ciprianoe , autor 10aDerecho procesal civil b : banco de preguntas c / Cipriano Gómez Lara, Xitlali Gómez Terán, Sonia Pérez Pérez  aMéxicob : Oxfordc , 2006 axi, 157 páginas c ; 21 cm. 0 aProceso y juicio Las fases procesales Cuestiones preliminares La demanda Interposición de la demanda El emplazamiento y sus efectos La participación activa del demandado La reconvención Contumacia o rebeldía Audiencia previa y de conciliación Las costas procesales La prueba La carga de la prueba El objeto de la prueba Procedimiento probatorio Prueba por confesión Prueba documental Prueba pericial Inspección o reconocimiento judicial Prueba testifical  aMaterial Complementario / d(04 002134) aMaterial Complementario / d(04 002135) aMaterial Complementario / d(05 000635) 4aPROCEDIMIENTO CIVIL1 aGómez Terán, Xitlali e , autor1 aPérez Pérez, Sonia e , autor cLB